000 00691nam a2200277Ia 4500
008 170203s9999 xx 000 0 und d
020 _a9780545057493
050 _aFic
050 _b.C367b 2011
100 _aCatrow, David.
245 _aBest in show /
245 _cDavid Catrow.
260 _aNew York :
260 _bScholastic Inc
260 _c2011
300 _a1 volume (unpaged) :
300 _bcolor illustrations ;
300 _c23 cm.
440 _aScholastic reader., Level 1.
650 _aDog shows --
650 _aDogs --
650 _aSpaniels --
650 _xJuvenile fiction.
650 _xJuvenile fiction.
650 _xJuvenile fiction.
999 _c306135
_d306135